Food legumes / (Record no. 21383)

000 -LEADER
fixed length control field 00653cam a2200217Ia 4500
020 ## - INTERNATIONAL STANDARD BOOK NUMBER
ISBN 0333538501
040 ## - CATALOGING SOURCE
Transcribing agency VXG
041 1# - LANGUAGE CODE
Language code of original and/or intermediate translations of text fre
082 ## - DEWEY DECIMAL CLASSIFICATION NUMBER
Classification number CTA FOO 1992 C077 Or.
100 1# - MAIN ENTRY--AUTHOR NAME
Personal name Borget, M.
245 10 - TITLE STATEMENT
Title Food legumes /
300 ## - PHYSICAL DESCRIPTION
Number of Pages viii, 103 pages :
Other physical details illustrations ;
Dimensions 22 cm
490 1# - SERIES STATEMENT
Series statement Tropical agriculturalist
500 ## - GENERAL NOTE
General note "Original French edition published in 1989 under the title Les legumineuses vivri©·res"--T.p. verso
650 #0 - SUBJECT ADDED ENTRY--TOPICAL TERM
Topical Term Legumes
650 #0 - SUBJECT ADDED ENTRY--TOPICAL TERM
Topical Term Legumes
650 #0 - SUBJECT ADDED ENTRY--TOPICAL TERM
Topical Term Legumes
650 #0 - SUBJECT ADDED ENTRY--TOPICAL TERM
Topical Term Legumes as food.
710 2# - ADDED ENTRY--CORPORATE NAME
Corporate name or jurisdiction name as entry element Technical Centre for Agricultural and Rural Cooperation (Ede, Netherlands)
942 ## - ADDED ENTRY ELEMENTS (KOHA)
Koha item type ADB
952 ## - LOCATION AND ITEM INFORMATION (KOHA)
Withdrawn status [LOCAL, KOHA] 0
Holdings
Permanent Location Date acquired Koha item type Lost status Shelving location Barcode Current Location Full call number
Library Block C2023-05-26ADB C077a071583Library Block CCTA FOO 1992 C077 Or.
មជ្ឈមណ្ឌលឯការនៃសាកលវិទ្យាល័យភូមិន្ទកសិកម្មចំការដូង

Powered by Koha